Top 15 dei paesi con decessi Covid-19 - 10 maggio - Statistics

Statistiche generali
  • Questo quiz è stato fatto 8 volte
  • Il punteggio medio è 13 su 21
Statistiche sulle risposte
nazione % Corretto
Brasile
100%
Cina
100%
Francia
100%
Italia
100%
Regno Unito
100%
Spagna
100%
Stati Uniti
100%
Germania
86%
Canada
57%
Messico
57%
Svezia
57%
Svezia
57%
Svizzera
57%
Belgio
43%
Paesi Bassi
43%
Portogallo
43%
Iran
29%
Turchia
29%
Danimarca
14%
Irlanda
14%
Ecuador
0%
Nessun quiz corrispondente trovato
Distribuzione punteggi
Percentuale di utenti per punteggio
Percentile per numero di risposta
I tuoi punteggi nel tempo
Non hai fatto questo quiz